00624nam a2200193 a 450000100060000000300080000600500170001400800410003103500190007204000320009104100080012308200220013124500910015326000580024430000250030250400410032765100340036870000280040234126BD-RjUL20211209052117.0161217s1988 ii b s001 0 eng  a(BD-RjUL)34220 aDLCcDLCdDLCdBD-RjULbeng aeng00a954223bCUL 198800aCulture of Bengal through the ages :bsome aspects /cedited by Bhaskar Chattopadhyay. aBurdwan, West Bengal :bUniversity of Burdwan,c1988. a17, 444 p. ;c24 cm. aIncludes bibliographical references. 0aBengal (India)xCivilization.1 aChattopadhyay, Bhaskar.